Teacher's edition

Gorde:
Xehetasun bibliografikoak
Formatua: Liburua
Hizkuntza:Undetermined
Argitaratua: H. ELI 2001
Gaiak:
Etiketak: Etiketa erantsi
Etiketarik gabe, Izan zaitez lehena erregistro honi etiketa jartzen!
Thư viện lưu trữ: Trung tâm Học liệu Trường Đại học Cần Thơ
LEADER 00406nam a2200157Ia 4500
001 CTU_54036
008 210402s9999 xx 000 0 und d
082 |a 371.3 
082 |b T253 
245 0 |a Teacher's edition 
260 |a H. 
260 |b ELI 
260 |c 2001 
650 |a teaching methods,english language 
650 |x study and teaching 
980 |a Trung tâm Học liệu Trường Đại học Cần Thơ